LEADER 01667nam a2200277 i 4500 001 000000246596 003 CaOOAMICUS 005 20151117000000.0 008 151117s1853 it u000 u ita u 013 $a225501 040 $aSeMil$bita 245 10$aVol. 4. 300 $a1 v. (paginazione varia). 490 0 $aTesoro cattolico. Classe 3., Eloquenza, letteratura e varietà : scelta di opere antiche e moderne atte a sanar le piaghe religiose e politiche che affliggono l'odierna società ;$v4 773 0 $tAntidoto alle massime empie e sovversive.$dNapoli : A spese della Società Editrice, 1853-1856.$g4$w()32821 774 0 $tAlcune conferenze tenute dal padre Giulio Adriano Ravignan della Compagnia di Gesu.$w()295131 774 0 $tLettera di Carlo Luigi De Haller a' suoi fratelli e sorelle, zii e zie e principalmente a sua moglie.$w()295469 774 0 $tG. A. Moehler.$w()295616 774 0 $tDel protestantismo nel suo rapporto col socialismo pel naturalismo.$w()295667 774 0 $tTeorica dell'istituzione del matrimonio e della guerra multiforme cui soggiace.$w()297133 774 0 $tSul Cristianesimo e sulle prove della sua verità.$w()325249 774 0 $tSaggio sul razionalismo moderno applicato alla religione ed alla societa.$w()295999 830 0$aTesoro cattolico. Classe 3., Eloquenza, letteratura e varietà : scelta di opere antiche e moderne atte a sanar le piaghe religiose e politiche che affliggono l'odierna società ;$v4.$0(OLS)http://semarc/title/44431 850 $aSeMil 852 $aSeMil$W1$xVenegono$y1$m3H VII 35 FA$j196942$B196942$CSeMilBibl$Z2$F207965 $8I 996 $6245$aVol. 4$9(OLS)http://semarc/title/108694 LEADER 01497nam a2200325 i 4500 001 000000110167 003 CaOOAMICUS 005 20021122000000.0 008 021122s2007 it u000 u ita u 013 $a82848 020 $a978-88-7135-286-2 020 $a978-88-01-03917-7 040 $aSeMil$bita 100 1 $aKupka, Jan.$0(OLS)http://semarc/name/46212 245 10$aSanta Faustina Kowalska :$bsegretaria della Divina Misericordia /$cJan Kupka. 260 $aCascine Vica (TO) :$bElledici,$ccopyr. 2007. 260 $aGorle :$bVelar,$ccopyr. 2007. 300 $a46 p. :$bill. ;$c21 cm. 490 0 $aCollana blu "Messaggeri d'amore" protagonisti della fede ;$v46 500 $aContiene : Breve cronologia della vita. 650 4$aFaustina : Kowalska .$0(OLS)http://semarc/subject/15385 830 0$aCollana blu : messaggeri d'amore, protagonisti della fede ;$v46.$0(OLS)http://semarc/title/38058 850 $aSeMil 852 $aSeMil$W1$xVenegono$y1$m5B III 35/16$j66079$B66079$CSeMilBibl$Z2$F73129 $81 961 $aLascito: Orsenigo don Elia 996 $6020$a978-88-7135-286-2$9(OLS)http://semarc/number/91811 996 $6020$a978-88-01-03917-7$9(OLS)http://semarc/number/91812 996 $6245$aSanta Faustina Kowalska :$bsegretaria della Divina Misericordia$9(OLS)http://semarc/title/160094 996 $6260$aGorle :$bVelar$9(OLS)http://semarc/publisher/33489 996 $6260$aCascine Vica (TO) :$bElledici$9(OLS)http://semarc/publisher/36404